Quick Pick: Money Slang Quiz Stats

 Plays Quiz Updated Sep 9, 2018

Challenge
Share
Tweet
Embed
Score 0/10 Timer 01:00
0 Plays Today
% Correct
buck
99.1%
dime
99%
nickel
98.8%
quarter
98.7%
grand
98.1%
benjamin
97%
greenback
96.9%
dough
95.8%
dead president
94.7%
lucre
81.6%

Today's Daily Dose

Missing Word
Britpop Albums

Word Ladder
Sing It!

On This Day
December 14th II

You're not logged in!

Compare scores with friends on all Sporcle quizzes.
OR
Log In

You Might Also Like...

Show Comments

Extras

Top Quizzes Today


Score Distribution

Your Account Isn't Verified!

In order to create a playlist on Sporcle, you need to verify the email address you used during registration. Go to your Sporcle Settings to finish the process.

Report this User

Report this user for behavior that violates our Community Guidelines.

Details: